Los desafíos del desarrollo en América Latina (Registro nro. 96323)

Detalles MARC
000 -LEADER
campo de control de longitud fija 01922nam a2200505 i 4500
001 - NÚMERO DE CONTROL
campo de control MOR01000096649
005 - FECHA Y HORA DE LA ÚLTIMA TRANSACCIÓN
campo de control 20260331145939.0
008 - DATOS DE LONGITUD FIJA--INFORMACIÓN GENERAL
campo de control de longitud fija 130305s 000 spa d
035 ## - NÚMERO DE CONTROL DEL SISTEMA
Número de control de sistema 130631
041 0# - CÓDIGO DE IDIOMA
Código de lengua del texto/banda sonora o título independiente spa
Código de lengua del sumario o resumen fre
043 ## - CÓDIGO DE ÁREA GEOGRÁFICA
Código de área geográfica cl-----
045 ## - PERIODO DE TIEMPO DEL CONTENIDO
Código de periodo de tiempo y0y1
082 04 - NÚMERO DE LA CLASIFICACIÓN DECIMAL DEWEY
Número de clasificación 330.970061
Número de ítem DES.d
245 04 - MENCIÓN DEL TÍTULO
Título Los desafíos del desarrollo en América Latina
Resto del título : dinámicas socioeconómicas y políticas públicas/
Mención de responsabilidad, etc. coordinadores Carlos Quenan y Sébastien Velut
264 #1 - PRODUCCIÓN, PUBLICACIÓN, DISTRIBUCIÓN, FABRICACIÓN Y COPYRIGHT
Producción, publicación, distribución, fabricación y copyright París:
Nombre del de productor, editor, distribuidor, fabricante AFD,
Fecha de producción, publicación, distribución, fabricación o copyright 2011.
300 ## - DESCRIPCIÓN FÍSICA
Extensión 395 páginas:
Otras características físicas diagrs.;
Dimensiones 23 cm
336 ## - TIPO DE CONTENIDO
Término de tipo de contenido texto
Código de tipo de contenido txt
Fuente rdacontent
337 ## - TIPO DE MEDIO
Nombre/término del tipo de medio sin medio
Código del tipo de medio n
Fuente rdamedia
338 ## - TIPO DE SOPORTE
Nombre/término del tipo de soporte volumen
Código del tipo de soporte nc
Fuente rdacarrier
490 0# - MENCIÓN DE SERIE
Mención de serie À savoir,
Designación de volumen o secuencia 04
504 ## - NOTA DE BIBLIOGRAFÍA, ETC.
Nota de bibliografía, etc. Nota Incluye referencias bibliográficas
650 #7 - PUNTO DE ACCESO ADICIONAL DE MATERIA--TÉRMINO DE MATERIA
Término de materia o nombre geográfico como elemento de entrada Demografía
Subdivisión geográfica Hispanoamérica
9 (RLIN) 74670
650 #7 - PUNTO DE ACCESO ADICIONAL DE MATERIA--TÉRMINO DE MATERIA
Término de materia o nombre geográfico como elemento de entrada Pobreza
Subdivisión geográfica Hispanoamérica
9 (RLIN) 168376
650 #7 - PUNTO DE ACCESO ADICIONAL DE MATERIA--TÉRMINO DE MATERIA
Término de materia o nombre geográfico como elemento de entrada Políticas públicas
Subdivisión general Aspectos económicos
9 (RLIN) 168377
651 #7 - PUNTO DE ACCESO ADICIONAL DE MATERIA--NOMBRE GEOGRÁFICO
Nombre geográfico Hispanoamérica
Subdivisión general Condiciones económicas
Subdivisión cronológica 2000-
9 (RLIN) 168378
651 #7 - PUNTO DE ACCESO ADICIONAL DE MATERIA--NOMBRE GEOGRÁFICO
Nombre geográfico Hispanoamérica
Subdivisión general Política social
Subdivisión cronológica 2000-
9 (RLIN) 168379
700 1# - ENTRADA AGREGADA--NOMBRE PERSONAL
Nombre de persona Quenan, Carlos
Término indicativo de función/relación coordinador
9 (RLIN) 168380
700 1# - ENTRADA AGREGADA--NOMBRE PERSONAL
Nombre de persona Rollinger, Monica
Término indicativo de función/relación traductor
9 (RLIN) 168381
700 1# - ENTRADA AGREGADA--NOMBRE PERSONAL
Nombre de persona Velut, Sébastien.
Término indicativo de función/relación coordinador
9 (RLIN) 168382
710 2# - ENTRADA AGREGADA--NOMBRE DE ENTIDAD CORPORATIVA
Nombre de entidad corporativa o nombre de jurisdicción como elemento de entrada Agence Francaise de Développement
9 (RLIN) 153133
710 2# - ENTRADA AGREGADA--NOMBRE DE ENTIDAD CORPORATIVA
Nombre de entidad corporativa o nombre de jurisdicción como elemento de entrada Institut des Amériques (Francia)
9 (RLIN) 168383
900 ## - ELEMENTOS DE DATOS A LOCAL, LDA (RLIN)
Nombre de persona DIAQUE
Numeración 30
Títulos y otros términos asociados al nombre 20130314
Lenguaje de la obra MOR01
-- 1116
900 ## - ELEMENTOS DE DATOS A LOCAL, LDA (RLIN)
Nombre de persona DIAQUE
Numeración 30
Títulos y otros términos asociados al nombre 20130314
Lenguaje de la obra MOR01
-- 1117
900 ## - ELEMENTOS DE DATOS A LOCAL, LDA (RLIN)
Nombre de persona DIAQUE
Numeración 30
Títulos y otros términos asociados al nombre 20130314
Lenguaje de la obra MOR01
-- 1119
900 ## - ELEMENTOS DE DATOS A LOCAL, LDA (RLIN)
Nombre de persona DIAQUE
Numeración 30
Títulos y otros términos asociados al nombre 20130314
Lenguaje de la obra MOR01
-- 1119
900 ## - ELEMENTOS DE DATOS A LOCAL, LDA (RLIN)
Nombre de persona DIAQUE
Numeración 30
Títulos y otros términos asociados al nombre 20130314
Lenguaje de la obra MOR01
-- 1120
900 ## - ELEMENTOS DE DATOS A LOCAL, LDA (RLIN)
Nombre de persona DIAQUE
Numeración Verónica Silva
Títulos y otros términos asociados al nombre 20130314
Lenguaje de la obra MOR01
-- 1116
900 ## - ELEMENTOS DE DATOS A LOCAL, LDA (RLIN)
Nombre de persona KLASY
Numeración 30
Títulos y otros términos asociados al nombre 20130408
Lenguaje de la obra MOR01
-- 1428
900 ## - ELEMENTOS DE DATOS A LOCAL, LDA (RLIN)
Nombre de persona LUIS
Numeración 02
Títulos y otros términos asociados al nombre 20130305
Lenguaje de la obra MOR01
-- 1333
900 ## - ELEMENTOS DE DATOS A LOCAL, LDA (RLIN)
Nombre de persona LUIS
Numeración 02
Títulos y otros términos asociados al nombre 20130305
Lenguaje de la obra MOR01
-- 1333
900 ## - ELEMENTOS DE DATOS A LOCAL, LDA (RLIN)
Nombre de persona VOBO
Numeración 40
Títulos y otros términos asociados al nombre 20130410
Lenguaje de la obra MOR01
-- 1221
900 ## - ELEMENTOS DE DATOS A LOCAL, LDA (RLIN)
Nombre de persona VOBO
Numeración 40
Títulos y otros términos asociados al nombre 20130410
Lenguaje de la obra MOR01
-- 1222
904 ## - ELEMENTOS DE DATOS D LOCAL, LDD (RLIN)
a UPDATE
942 ## - ELEMENTOS DE ENTRADA SECUNDARIOS (KOHA)
Código de la institución [OBSOLETO] BK
901 ## - ELEMENTOS DE DATOS A LOCAL LDA (RLIN)
a batch batch
Existencias
Estatus retirado Estado de pérdida Fuente del sistema de clasificación o colocación Estado de daño No para préstamo Colección Biblioteca de origen Biblioteca actual Ubicación en estantería Fecha de adquisición Fuente de adquisición Número de inventario Total de préstamos Signatura topográfica completa Código de barras Visto por última vez Precio de reemplazo Tipo de ítem Koha
    Clasificación Decimal Dewey     Libros (General) Biblioteca Instituto Mora Biblioteca Instituto Mora Regular 14/03/2013 Donación 123325   (G)/330.970061 DES.d 33068001290517 03/09/2024 03/09/2024 Libro préstamo regular